Normal view
MARC view
- الأحكام الجنائية -- الأردن -- قانون الإجراءات الجنائية -- الأردن
Entry Topical Term
001 - CONTROL NUMBER
- control field: 45941
003 - CONTROL NUMBER IDENTIFIER
- control field: JO-AjAnu
005 - DATE AND TIME OF LATEST TRANSACTION
- control field: 20230606081609.0
008 - FIXED-LENGTH DATA ELEMENTS
- fixed length control field: 230606|| aca||aabn | a|a d
040 ## - CATALOGING SOURCE
- Original cataloging agency: JO-AjAnu
- Transcribing agency: JO-AjAnu
150 ## - HEADING--TOPICAL TERM
- Topical term or geographic name entry element: الأحكام الجنائية -- الأردن -- قانون الإجراءات الجنائية -- الأردن
670 ## - SOURCE DATA FOUND
- Source citation: Work cat.: (JO-AjAnu)23518: إعداد طالب إبراهيم ظاهر؛ إشراف علي جبار صالح, author 45940, القناعة الوجدانية للقاصي الجزائي : دراسة مقارنة بين أصول المحاكمات الجزائية